000 00652nam a22002297a 4500
001 39630
003 UA-OsUOA
005 20230115135727.0
007 ta
008 20060623b un ||||| |||| 00| 0 ukr d
040 _aUA-OsUOA
_brus
_cUA-OsUOA
_dUA-OsUOA
041 _arus
080 _a140(091)(477)
090 _a140(091)(477)
_bЗ-26
100 _aЗамалеев А. Ф.
245 _aФилософская мысль в средневековой Руси (ХІ-ХVІ вв.)
260 _aЛенинград
_bНаука
_c1987
300 _a248 с.
650 7 _a1 Філософські науки
_2UDC
942 _cBK
_2udc
955 _a1
999 _c325772
_d325772